| 000 | 00531nam a2200205Ia 4500 | ||
|---|---|---|---|
| 008 | 160319s9999 xx 000 0 und d | ||
| 020 | _a971-08-6922-1 | ||
| 050 | _aFIL QA 154.3 | ||
| 050 | _b.M63 2008 | ||
| 245 | _aModern algebra / | ||
| 245 | _cMadelaine S. Caras… [et al] | ||
| 260 | _aMandaluyong: | ||
| 260 | _bNational Book Store, | ||
| 260 | _c2008 | ||
| 300 | _a178 pages : | ||
| 300 | _billustrations ; | ||
| 300 | _c25 cm. | ||
| 650 | _aAlgebra -- Study and teaching. | ||
| 650 | _xAlgebra -- Textbooks. | ||
| 999 |
_c291822 _d291822 |
||